[Event "GLT-6012"]
[Site "http://www.queenalice.com/game.php?id=885754"]
[Date "2011.1.13"]
[Round "-"]
[White "gustavobelczak"]
[Black "vininetto"]
[Result "0-1"]
[WhiteElo "1494"]
[BlackElo "2056"]

1. e4 c5 2. c4 d6 3. Nc3 Nc6 4. d3 Nf6 5. h3 g6 6. Nf3 Bg7 7. Be2 O-O 8. O-O a6
9. a3 e6 10. Be3 Bd7 11. Bf4 Qe7 12. Na4 b5 13. Nb6 Rab8 14. Nxd7 Nxd7 15. Rb1
bxc4 16. dxc4 Nde5 17. Qa4 Rb6 18. b4 Rfb8 19. b5 Nxf3+ 20. Bxf3 Nd4 21. Rbd1
axb5 22. cxb5 Nxb5 23. Rd3 Nd4 24. Rfd1 e5 25. Bd2 Qb7 26. Kh2 Rb3 27. Bc3 Ra8
28. Qc4 Rbxa3 29. Bxd4 cxd4 30. Rxa3 Rxa3 31. Qe2 Qb3 32. Bg4 d3 33. Qd2 h5 34.
Bd7 Kh7 35. Bc6 Bh6 36. Bd5 Bxd2 37. Bxb3 Bf4+ 38. g3 Bxg3+ 39. fxg3 Rxb3 40. g4
hxg4 41. hxg4 Kg7 42. Kg3 d2+ 43. Kf2 Rd3 44. Ke2 Rd4 45. Rxd2 Rxd2+ 46. Kxd2
Kf6 47. Kc3 Kg5 48. Kc4 Kxg4 49. Kd5 Kf4 50. Kxd6 g5 51. Ke7 g4 52. Kxf7 g3 53.
Ke6 g2 54. Kd5 g1=Q 55. Ke6 Qd4 56. Kf6 Qd6+ 57. Kg7 Kg5 58. Kf7 Qd7+ 59. Kf8
Kg6 60. Kg8 Qg7# 0-1

[Event "Challenge"]
[Site "http://www.queenalice.com/game.php?id=894996"]
[Date "2011.2.2"]
[Round "-"]
[White "augustoluizheck"]
[Black "gustavobelczak"]
[Result "0-1"]
[WhiteElo "1515"]
[BlackElo "1464"]

1. g3 e5 2. e4 Nf6 3. Bg2 Bc5 4. Nc3 c6 5. Nf3 d6 6. d3 h6 7. Bd2 b5 8. Qe2 Ng4
9. O-O O-O 10. Bxh6 Nxh6 11. Rad1 Qa5 12. a3 b4 13. axb4 Bxb4 14. d4 Ba6 15. Qe3
Bxf1 16. Bxf1 Nd7 17. dxe5 Ng4 18. Qd3 Ngxe5 19. Nxe5 Nxe5 20. Qe3 Bc5 21. Qf4
Rab8 22. Rxd6 Bxd6 0-1

[Event "Challenge"]
[Site "http://www.queenalice.com/game.php?id=931533"]
[Date "2011.4.28"]
[Round "-"]
[White "blackwolf"]
[Black "gustavobelczak"]
[Result "1-0"]
[WhiteElo "1847"]
[BlackElo "1504"]

1. d4 d5 2. c4 e6 3. Nc3 Nf6 4. Nf3 h6 5. e4 dxe4 6. Nd2 Qxd4 7. Nb3 Qxd1+ 8.
Nxd1 Bb4+ 9. Bd2 Bd6 10. Ne3 O-O 11. g3 Nc6 12. Bg2 Ne5 13. O-O Nd3 14. Bc3 Be5
15. Bxe5 Nxe5 16. Rad1 Nd3 17. Rd2 c6 18. Bxe4 Nxe4 19. Rxd3 b6 20. Rfd1 Ba6 21.
Nd4 Bb7 22. Ne2 c5 23. Nc3 Nxc3 24. Rxc3 Rad8 25. Rcd3 a6 26. Rxd8 Rxd8 27.
Rxd8+ Kh7 28. Rd7 Be4 29. Rxf7 Bd3 30. b3 b5 31. Re7 bxc4 32. Nxc4 Bb1 33. a3
Bc2 34. b4 cxb4 35. axb4 Bd3 36. Ne5 Bf5 37. Ra7 h5 38. Rxa6 Kh6 39. b5 Kg5 40.
b6 Be4 41. Nf7+ Kf6 42. Nd6 Bd3 43. Ra7 Ke5 44. Ne8 1-0

[Event "Challenge"]
[Site "http://www.queenalice.com/game.php?id=931534"]
[Date "2011.4.28"]
[Round "-"]
[White "gustavobelczak"]
[Black "blackwolf"]
[Result "0-1"]
[WhiteElo "1506"]
[BlackElo "1845"]

1. e4 e5 2. Nf3 Nf6 3. Nc3 Nc6 4. a3 d5 5. Bb5 Bg4 6. Bxc6+ bxc6 7. d3 dxe4 8.
Nxe5 Bxd1 9. Nxd1 Qd5 10. Bf4 Bd6 11. c4 Qc5 12. Be3 Qxe5 13. d4 Qf5 14. c5 Bf4
15. Rc1 O-O 16. b4 Nd5 17. O-O Nxe3 18. Nxe3 Bxe3 19. fxe3 Qd5 20. h3 Qb3 21.
Rce1 Qxa3 22. Rf4 Qxb4 23. Ref1 Qc3 24. Rxe4 Rae8 25. Rff4 Rxe4 26. Rxe4 a5 27.
Re7 a4 28. Rxc7 Qxe3+ 29. Kh2 Qxd4 30. Rxc6 a3 31. Ra6 Qxc5 32. h4 Qb4 33. g3
Qb2+ 34. Kh3 a2 35. h5 a1=Q 36. Rxa1 Qxa1 37. Kh4 Rb8 38. g4 Qf6+ 39. Kg3 Rb3+
40. Kh2 Qh4+ 41. Kg2 Qg3+ 42. Kf1 Qh2 43. Ke1 Rb1# 0-1

[Event "GLT-806"]
[Site "http://www.queenalice.com/game.php?id=936530"]
[Date "2011.5.10"]
[Round "-"]
[White "farrapo"]
[Black "gustavobelczak"]
[Result "0-1"]
[WhiteElo "816"]
[BlackElo "1504"]

1. g4 e5 2. e4 Nf6 3. Bg2 d6 4. h3 Nc6 5. Nc3 b6 6. a4 Ba6 7. Bf3 h6 8. Rh2 Nd4
9. b3 c5 10. Bg2 Be7 11. Ba3 Nd7 12. Nd5 O-O 13. c3 Ne6 14. Nf3 Nf4 0-1

[Event "Challenge"]
[Site "http://www.queenalice.com/game.php?id=949513"]
[Date "2011.6.14"]
[Round "-"]
[White "gustavobelczak"]
[Black "z3r0vulc4n"]
[Result "0-1"]
[WhiteElo "1506"]
[BlackElo "1616"]

1. e4 e5 2. Nc3 Bb4 3. Nd5 Nc6 4. a3 Bc5 5. b4 Be7 6. c3 Nf6 7. d3 a6 8. Nf3 O-O
9. Bg5 d6 10. h3 h6 11. Be3 Be6 12. Qb3 Bxd5 13. exd5 Nb8 14. d4 c6 15. Bc4 b5
16. dxc6 bxc4 17. Qa4 Qc7 18. b5 Nd5 19. dxe5 Nxe3 20. fxe3 dxe5 21. Qxc4 axb5
22. Qxb5 Nxc6 23. O-O Rxa3 24. Rxa3 Bxa3 25. Qc4 Qb6 26. Qd3 Rd8 27. Qe4 Bb2 28.
Rb1 f5 29. Qc4+ Kh8 30. Kh1 e4 31. Nh4 Ne5 32. Qe2 Nd3 33. Nxf5 Qf6 34. Ng3 Qe5
35. c4 Qxg3 36. Kg1 Be5 37. Qf1 Qh2# 0-1

[Event "Challenge"]
[Site "http://www.queenalice.com/game.php?id=1056334"]
[Date "2012.5.5"]
[Round "-"]
[White "z3r0vulc4n"]
[Black "gustavobelczak"]
[Result "0-1"]
[WhiteElo "1630"]
[BlackElo "1492"]

1. e4 e5 2. Nf3 Nc6 3. Nc3 a6 4. Be2 Nf6 5. O-O Bc5 6. d4 exd4 7. Nxd4 Bxd4 8.
Bg5 Bxc3 9. bxc3 h6 10. Bxf6 Qxf6 11. Qd5 d6 12. Rad1 Be6 13. Qh5 Qxc3 14. Bg4
Bxg4 15. Qxg4 O-O 16. Qd7 Ne5 17. Qf5 Rae8 18. h3 Nc4 19. Qg4 Re5 20. Rd3 Qxc2
21. Rg3 Rg5 22. Qf3 Rxg3 23. Qxg3 Qxa2 24. Qe3 Nxe3 0-1

[Event "Agora vou jogar sério"]
[Site "http://www.queenalice.com/game.php?id=1060710"]
[Date "2012.5.17"]
[Round "-"]
[White "gustavobelczak"]
[Black "z3r0vulc4n"]
[Result "1-0"]
[WhiteElo "1514"]
[BlackElo "1608"]

1. e4 e5 2. Nc3 d6 3. h3 Nf6 4. Nf3 Nc6 5. Bc4 Be7 6. Ng5 O-O 7. d3 h6 8. Nf3
Nb4 9. a3 Nc6 10. b4 Nd4 11. Nxd4 exd4 12. Nd5 Nxd5 13. Bxd5 Be6 14. Bxb7 Rb8
15. Bc6 Bh4 16. g3 Bf6 17. Qh5 Rb6 18. Ba4 c6 19. Qa5 Bc8 20. b5 cxb5 21. Bxb5
Qc7 22. Bc4 Be6 23. Bxe6 fxe6 24. Bd2 Bg5 25. c4 Bxd2+ 26. Qxd2 e5 27. Qe2 Qb7
28. O-O Qd7 29. Qa2 1-0

[Event "Like the old times...."]
[Site "http://www.queenalice.com/game.php?id=1216933"]
[Date "2013.9.14"]
[Round "-"]
[White "gustavobelczak"]
[Black "z3r0vulc4n"]
[Result "0-1"]
[WhiteElo "1534"]
[BlackElo "1603"]

1. e4 e5 2. Nf3 Nc6 3. d3 Bb4+ 4. Bd2 Nf6 5. a3 Bxd2+ 6. Nbxd2 O-O 7. c4 d6 8.
b4 a6 9. Qa4 Bd7 10. Qc2 Nd4 11. Nxd4 exd4 12. Qb2 c5 13. bxc5 Qc7 14. Qxd4 dxc5
15. Qb2 Qd6 16. Be2 h6 17. O-O Bg4 18. Nb3 Bxe2 19. Qxe2 h5 20. h3 Qe5 21. Na5
b6 22. Nb3 b5 23. Rac1 bxc4 24. Rxc4 Nd7 25. Rfc1 Rfc8 26. Qe3 Rab8 27. f4 Qb2
28. Nxc5 Nxc5 29. Rxc5 Rxc5 30. Qxc5 Qd2 31. Qc7 Re8 32. f5 Qxd3 33. Kh1 Qxe4
34. Rf1 Qd3 35. Rf3 Qd1+ 36. Kh2 Qd4 37. Qc6 Qe5+ 38. Kh1 a5 39. Qc2 Qb8 40. Kg1
Qb6+ 41. Kf1 Qb5+ 42. Kf2 Qb6+ 0-1

[Event "Challenge"]
[Site "http://www.queenalice.com/game.php?id=1217072"]
[Date "2013.9.14"]
[Round "-"]
[White "z3r0vulc4n"]
[Black "gustavobelczak"]
[Result "1-0"]
[WhiteElo "1616"]
[BlackElo "1521"]

1. e4 e5 2. Nc3 Bc5 3. Nf3 Nc6 4. d3 h6 5. Be2 Nf6 6. O-O d6 7. h3 O-O 8. a3 a5
9. Nd5 Nxd5 10. exd5 Ne7 11. c4 Nf5 12. Bd2 b6 13. b4 axb4 14. axb4 Rxa1 15.
Qxa1 Bd4 16. Nxd4 Nxd4 17. Re1 Nc2 18. Qc1 Nxe1 19. Qxe1 Qf6 20. Bf3 Bf5 21. Qe2
Ra8 22. Kf1 Ra1+ 23. Be1 Qg5 24. g4 Bd7 25. Kg2 Qf4 26. Bd2 Qd4 27. Be3 Qc3 28.
b5 Re1 29. Qa2 Qxd3 30. Qa8+ Kh7 31. Qd8 Qf1+ 32. Kg3 Bxb5 33. cxb5 Qc4 34. Qd7
Rg1+ 35. Bg2 Qxd5 36. f3 Ra1 37. Qxc7 Qxb5 38. Qxf7 Qb4 39. g5 Ra8 40. gxh6 Rg8
41. Qf5+ Kh8 42. h7 Re8 43. Qf7 Rc8 44. Qf5 Rc4 45. Bf1 1-0

[Event "Challenge"]
[Site "http://www.queenalice.com/game.php?id=1465503"]
[Date "2017.2.19"]
[Round "-"]
[White "gustavobelczak"]
[Black "z3r0vulc4n"]
[Result "1-0"]
[WhiteElo "1509"]
[BlackElo "1631"]

1. e4 e5 2. d3 Nc6 3. Nf3 d5 4. Nc3 Bb4 5. Bd2 Bxc3 6. Bxc3 Bg4 7. Be2 d4 8. Bd2
Nf6 9. Ng5 Bxe2 10. Qxe2 h6 11. Nf3 O-O 12. b4 a5 13. b5 Nb4 14. Bc1 Qd7 15. a3
Nc6 16. bxc6 Qxc6 17. O-O b6 18. Nxe5 Qe6 19. Bf4 c5 20. Nc4 Rab8 21. Bxb8 Rxb8
22. a4 Ng4 23. f4 b5 24. Nxa5 bxa4 25. Rxa4 Qg6 26. h3 Ne3 27. Nb3 Nxf1 28. Qxf1
h5 29. Nxc5 Rb2 30. Ra8+ Kh7 31. Nd7 Rxc2 32. Nf8+ 1-0

[Event "AUTO-INT-3223"]
[Site "http://www.queenalice.com/game.php?id=1465847"]
[Date "2017.2.21"]
[Round "1"]
[White "Amarildo"]
[Black "gustavobelczak"]
[Result "0-1"]
[WhiteElo "1524"]
[BlackElo "1540"]

1. e4 e5 2. d4 Nc6 3. d5 Nce7 4. Bc4 d6 5. Qf3 Ng6 6. Nh3 Be7 7. O-O h6 8. Nc3
a6 9. Ne2 b5 10. Bd3 Nh4 11. Qe3 Nf6 12. g3 Ng4 13. Qd2 Nf3+ 14. Kg2 Nxd2 15.
Bxd2 O-O 16. f3 Nf6 17. f4 Qd7 18. Rh1 Qxh3+ 19. Kf2 Ng4+ 20. Kf3 g6 21. Ng1
Nxh2+ 22. Kf2 Ng4+ 23. Ke2 Qxh1 24. Rf1 Qh2+ 25. Ke1 Qxg3+ 26. Kd1 Nh2 27. Be1
Qe3 28. Bd2 Qd4 29. Bc3 Bg4+ 30. Ne2 Qa4 31. Rh1 b4 32. Bd2 Qxa2 33. Rxh2 Qa1+
34. Bc1 h5 35. Ke1 exf4 36. c3 f3 37. Bc2 fxe2 38. Rh1 Qxc1+ 39. Bd1 Qxd1+ 40.
Kf2 Qxh1 41. cxb4 e1=Q# 0-1

[Event "AUTO-INT-3223"]
[Site "http://www.queenalice.com/game.php?id=1465848"]
[Date "2017.2.21"]
[Round "1"]
[White "gustavobelczak"]
[Black "Amarildo"]
[Result "1-0"]
[WhiteElo "1524"]
[BlackElo "1532"]

1. e4 e5 2. d3 d5 3. f3 dxe4 4. fxe4 Nf6 5. Bg5 Be7 6. Nc3 Bg4 7. Nge2 O-O 8. h3
Bxe2 9. Qxe2 Qd7 10. b3 h6 11. Be3 Qc6 12. Bd2 Bb4 13. Nd5 Qxc2 14. Bxb4 Qxe2+
15. Bxe2 Re8 16. Nxc7 Nc6 17. Bc3 Rac8 18. Nxe8 Rxe8 19. O-O Nd7 20. Bh5 g6 21.
Bg4 Nc5 22. Rad1 h5 23. Be2 g5 24. Bxh5 Nd8 25. Rf5 Kh7 26. Bxe5 Kh6 27. g4 Nde6
28. Rf6+ Kh7 29. Bxf7 Rf8 30. d4 Nd7 31. Bg6+ Kg7 32. Rxe6+ Nf6 33. Bh5 Kh6 34.
Bxf6 Kh7 35. Bxg5 Rg8 36. h4 Rd8 37. Rf1 Rg8 38. Rf7+ Kh8 39. Rh6# 1-0

[Event "AUTO-INT-3223"]
[Site "http://www.queenalice.com/game.php?id=1465855"]
[Date "2017.2.21"]
[Round "1"]
[White "gustavobelczak"]
[Black "The_Clown"]
[Result "1-0"]
[WhiteElo "1499"]
[BlackElo "1797"]

1. e4 d5 2. Nc3 dxe4 3. Nxe4 Nc6 4. d3 e5 5. Nf3 Bg4 6. Be2 Bxf3 7. Bxf3 Nd4 8.
O-O Nxf3+ 9. Qxf3 Qd7 10. b3 O-O-O 11. c4 Kb8 12. Rd1 f5 13. Ng3 g6 14. Bb2 Bg7
15. h3 f4 16. Ne4 Ne7 17. a4 h5 18. Nc5 Qc6 19. Qxc6 Nxc6 20. Ne6 Rd7 21. b4
Nxb4 22. Nxg7 Rxg7 23. Bxe5 Rgg8 24. Bxh8 Rxh8 25. f3 c5 26. d4 Nc2 27. Rab1
Nxd4 28. Re1 b6 29. a5 Nc2 30. Re6 Rg8 31. axb6 a6 32. Rc6 Na3 33. Ra1 Nxc4 34.
Rxa6 Rc8 35. Rxg6 Ne3 36. Rg7 c4 37. Raa7 Nd5 38. Rgb7# 1-0

[Event "AUTO-INT-3223"]
[Site "http://www.queenalice.com/game.php?id=1465856"]
[Date "2017.2.21"]
[Round "1"]
[White "The_Clown"]
[Black "gustavobelczak"]
[Result "1-0"]
[WhiteElo "1793"]
[BlackElo "1503"]

1. e4 e5 2. d4 Nf6 3. Bg5 Be7 4. dxe5 Nxe4 5. Bxe7 Qxe7 6. Qd4 Qh4 7. g3 Nc6 8.
Qd5 Qe7 9. Qxe4 Qb4+ 10. Nc3 Qxb2 11. Rd1 Qxc3+ 12. Rd2 O-O 13. Ne2 Qa1+ 14. Rd1
Qxa2 15. Bg2 Re8 16. O-O Rxe5 17. Qf3 d6 18. Rd2 Bf5 19. Qc3 Rae8 20. Nc1 Qe6
21. Rdd1 d5 22. Nd3 d4 23. Qd2 Be4 24. Nxe5 Qxe5 25. Bxe4 g6 26. Rfe1 Ne7 27.
Bc6 Qh5 28. Bxe8 Kf8 29. Qxd4 Kg8 30. Rxe7 Qf5 31. Rxf7 Qxf7 32. Bxf7+ Kxf7 33.
Qxa7 h5 34. Qxb7 Kf6 35. Qxc7 Kg5 36. Qf4# 1-0

[Event "Challenge"]
[Site "http://www.queenalice.com/game.php?id=1465872"]
[Date "2017.2.21"]
[Round "-"]
[White "gustavobelczak"]
[Black "Vin100"]
[Result "0-1"]
[WhiteElo "1541"]
[BlackElo "1505"]

1. e4 e5 2. Nf3 d6 3. Bc4 Nf6 4. d3 Bd7 5. O-O b5 6. Bb3 Be7 7. Be3 O-O 8. a3 c5
9. Nbd2 Nc6 10. c3 Ng4 11. h3 Nxe3 12. fxe3 Bg5 13. a4 Bxe3+ 14. Kh1 b4 15. Nc4
Bf4 16. Nxd6 Be6 17. Nb7 Qe7 18. d4 Bxb3 19. Qxb3 Qxb7 20. dxc5 a5 21. Ne1 Rad8
22. Rd1 Qa6 23. Nf3 h6 24. c4 Qa7 25. Nh4 Qxc5 26. g3 Bg5 27. Nf3 Qe3 28. Qc2
Rxd1 29. Qxd1 Rd8 30. Qb1 Be7 31. b3 g5 32. g4 Nd4 33. Nxe5 Qxh3+ 34. Kg1 Qe3+
35. Rf2 Qg3+ 36. Rg2 Qxe5 37. Kh1 Qf4 38. Qg1 Nxb3 39. Rf2 Qxe4+ 40. Kh2 Bd6+
41. Kh3 Bc5 42. Qg2 Qxc4 43. Qf3 Bxf2 44. Qxf2 Rd2 45. Qg1 Qd3+ 46. Qg3 Qxg3+
47. Kxg3 Rd4 0-1

[Event "Challenge"]
[Site "http://www.queenalice.com/game.php?id=1465873"]
[Date "2017.2.21"]
[Round "-"]
[White "Vin100"]
[Black "gustavobelczak"]
[Result "0-1"]
[WhiteElo "1485"]
[BlackElo "1527"]

1. e4 e5 2. Nf3 Nc6 3. c3 Nf6 4. Qc2 d5 5. d3 Bc5 6. b4 Bb6 7. Bb2 Ng4 8. Nbd2
Bxf2+ 9. Ke2 b6 10. b5 Ne7 11. c4 Ng6 12. Bxe5 N6xe5 13. Nxe5 Ne3 14. Qc1 Qf6
15. Ndf3 d4 16. Qb2 Qd6 17. g4 Bxg4 18. Kxf2 f6 19. Nxg4 Nxg4+ 20. Ke2 O-O 21.
Nxd4 Qf4 22. Kd1 Ne3+ 23. Ke2 Rae8 24. Bh3 Re5 25. Be6+ Kh8 26. Qd2 Rg5 27. Qxe3
Rg2+ 28. Kd1 Qxe3 29. Bh3 Qd2# 0-1

[Event "Challenge"]
[Site "http://www.queenalice.com/game.php?id=1469898"]
[Date "2017.3.22"]
[Round "-"]
[White "z3r0vulc4n"]
[Black "gustavobelczak"]
[Result "1-0"]
[WhiteElo "1610"]
[BlackElo "1515"]

1. e4 e5 2. Nf3 Nc6 3. Bb5 a6 4. Ba4 b5 5. Bb3 Nf6 6. d3 Bc5 7. h3 h6 8. Nc3 Ne7
9. O-O d6 10. Nd5 Nfxd5 11. Bxd5 Nxd5 12. exd5 Bb7 13. c4 bxc4 14. dxc4 O-O 15.
Qd3 c6 16. Qe4 Qb6 17. Qg4 cxd5 18. Bxh6 g6 19. Bxf8 Rxf8 20. cxd5 Bxd5 21. Rab1
e4 22. Ng5 e3 23. Qh4 Re8 24. fxe3 Bxe3+ 25. Kh1 Bxg5 26. Qxg5 Be6 27. Qf6 Bf5
28. Rbe1 Rxe1 29. Rxe1 Be6 30. Rxe6 fxe6 31. Qxe6+ Kh7 32. Qf7+ Kh6 33. Qf4+ Kg7
34. b3 a5 35. h4 Qc5 36. Kh2 Qe5 37. Qxe5+ dxe5 38. g3 Kf6 39. a3 Ke6 40. b4 a4
41. b5 Kd6 42. g4 Kc5 43. h5 e4 44. hxg6 e3 45. Kg2 Kxb5 46. g7 e2 47. Kf2 1-0

[Event "Challenge"]
[Site "http://www.queenalice.com/game.php?id=1474357"]
[Date "2017.4.20"]
[Round "-"]
[White "WLAO"]
[Black "gustavobelczak"]
[Result "0-1"]
[WhiteElo "1662"]
[BlackElo "1555"]

1. b3 e5 2. d4 d5 3. dxe5 Nc6 4. Nf3 Bf5 5. a3 a5 6. Bb2 Bc5 7. Nbd2 Nge7 8. g3
O-O 9. Bg2 a4 10. b4 Bb6 11. O-O h6 12. Nh4 Qd7 13. Ndf3 Bh3 14. Bxh3 Qxh3 15.
Ng2 Rfd8 16. Bc1 Ng6 17. Bb2 Ba7 18. e3 b5 19. Qd3 Rab8 20. e6 Qxe6 21. Qc3 f6
22. Rad1 Rb7 23. Nf4 Nxf4 24. Kh1 Nh3 25. Nh4 Ne7 26. Qd3 Qf7 27. Kg2 Ng5 28.
Nf5 Nxf5 29. Qxf5 c6 30. Bd4 Bb8 31. h4 Ne6 32. c3 Ba7 33. Bxf6 gxf6 34. Qg4+
Kf8 35. Rfe1 h5 36. Qf5 Re7 37. e4 d4 38. cxd4 Nxd4 39. Qf4 Re5 40. Qh6+ Qg7 41.
Qf4 c5 42. bxc5 Bxc5 43. Qc1 Qg4 44. Qh6+ Ke7 45. Rd3 f5 46. Qh7+ Kd6 47. Qh6+
Kc7 48. Rc1 Qxe4+ 49. Kg1 Qxd3 50. Qxh5 Ne2+ 51. Kg2 Nxc1 52. Qf7+ Kc8 53. Qf6
Bd6 54. Qf7 Ne2 55. Qa7 Qd1 56. Kf3 Qh1# 0-1